Genetics for profit and prophets for genetics : proceedings of the ninth conference, Australian Association of Animal Breeding and Genetics, University of Melbourne, Victoria, Australia, 24th-27th June 1991 /

Guardado en:
Autor Corporativo: Australian Association of Animal Breeding and Genetics Conference Melbourne)
Formato: Libro
Idioma:English
Publicado: Armidale : AAABG, 1991.
Etiquetas: Agregar Etiqueta
Sin Etiquetas, Sea el primero en etiquetar este registro!
LEADER 00724nam a22001455a 4500
001 EEA.libagro010388
005 20181011083205.0
008 150508s1991####xx#a##########100#0#eng#d
022 |a 0813-7935 
082 0 4 |a 636.0821 
111 2 |a Australian Association of Animal Breeding and Genetics Conference  |n (9th :  |d 24th-27th June 1991 :  |c Melbourne) 
245 1 0 |a Genetics for profit and prophets for genetics :  |b proceedings of the ninth conference, Australian Association of Animal Breeding and Genetics, University of Melbourne, Victoria, Australia, 24th-27th June 1991 /  |c [editor, Les Jones]. 
260 |a Armidale :  |b AAABG,  |c 1991. 
300 |a xii, 501 p. :  |b il. ;  |c 24 cm. 
859 |a AR-BbBCA  |b BIB. AGRONOMIA  |h 636.0821  |i A938 9-1991  |p 2015/6519